[Event "Manx Liberty Masters 2021"]
[Site "Douglas, Isle of Man"]
[Date "2021.09.23"]
[Round "6.3"]
[White "Kolbus, Dietmar"]
[Black "Piorun, Kacper"]
[Result "0-1"]
[WhiteElo "2295"]
[BlackElo "2638"]
[Annotator "TA"]
[PlyCount "106"]
[EventDate "2021.09.18"]
[EventType "tourn"]
[EventCountry "GBR"]
[SourceTitle "playchess.com"]
[Source "ChessBase"]
[SourceQuality "1"]

{[%evp 14,106,5,-13,35,15,25,0,0,-11,22,-22,0,-1,22,-4,0,0,0,0,0,-75,-65,-66,-83,-76,-72,-180,-187,-178,-159,-170,-149,-176,-117,-240,-37,-206,-151,-204,-152,-147,-149,-357,-275,-311,-190,-158,-155,-129,-19,-189,-145,-185,-189,-327,-327,-323,-266,-267,-281,-249,-21,-35,-77,-326,-197,-222,-202,-209,-95,-81,-97,-89,-138,-230,-213,-410,-408,-429,-395,-613,-612,-614,-605,-606,-594,-927,-439,-431,-431,-683,-665,-590,-582]} 1. c4 {Ribli,Z} e5 2. Nc3 Nc6 3. g3 f5 4. Bg2 Nf6 5. d3 Bb4 6. Bd2 O-O 7. a3 Bxc3 8. Bxc3 d6 {A25: English Opening vs King's Indian with ...Nc6 but without early d3.} 9. b4 {[%cal Bb2b4,Bb4b5][%mdl 32]} Qe8 10. b5 Nd8 {The position is equal.} 11. Nf3 Qh5 12. Nd2 {[#]} Ne6 $146 ({Predecessor:} 12... Nf7 13. Qb3 f4 14. gxf4 Qg4 15. Rg1 Qxf4 16. e3 Qxh2 17. O-O-O Ng4 18. Ne4 Nfh6 {½-½ (42) Hickl,J (2602)-Prusikin,M (2504) Germany 2002 CBM 093 [Ribli,Z]}) 13. e3 Qh6 14. Qe2 Bd7 15. Bxb7 Rae8 16. Nb3 f4 17. Bd2 (17. gxf4 $11 {keeps the balance.} exf4 18. e4) 17... Qg6 18. e4 $1 (18. gxf4 $2 Nxf4 $1 {[%mdl 512]} 19. exf4 exf4 $19) (18. exf4 $2 exf4 19. Be4 Nxe4 $19) 18... Ng5 {Hoping for ...Bg4.} 19. f3 (19. gxf4 $2 Bg4 $1 $19) 19... fxg3 20. O-O-O (20. Bxg5 $17 Qxg5 21. hxg3) 20... Nh5 $19 21. hxg3 Nxg3 22. Qg2 ({Of course not} 22. Bd5+ Be6) 22... Nxf3 23. Be3 h5 ({Black should try} 23... Nxh1 $19 24. Qxg6 hxg6 25. Rxh1 g5 26. Bxa7 g4) 24. Kb2 (24. Rxh5 $17 Qxh5 25. Qxg3) 24... h4 $2 (24... Kh7 $19 25. Rhg1 h4) 25. Bxa7 $2 (25. Nd2 $15 Qg4 26. Bd5+ Kh7 27. Nxf3 Rxf3 28. Rxh4+ Qxh4 29. Qxf3) 25... Qf6 26. Be3 (26. Rxh4 $17 Qxh4 27. Bf2) 26... Nxh1 27. Rxh1 g5 28. Kc3 $2 (28. Bd5+ $17 Kg7 29. a4) 28... g4 29. a4 Kf7 30. a5 Ke7 31. a6 Rg8 (31... Rh8 $17 {White should prevent ...h3.} 32. a7 h3) 32. Rf1 $2 (32. a7 $1 $11 {and White stays safe.}) 32... h3 33. Qg3 Qh4 $1 {[%cal Rh4g3]} 34. Bf2 (34. Rxf3 $142 Qxg3 35. Rxg3) 34... Qxg3 35. Bxg3 Rh8 36. Rh1 h2 $1 37. Nd2 Rh3 $2 ({Black should play} 37... Nxd2 $1 $19 38. Kxd2 Rh3 39. Rxh2 Rxg3 40. Rh7+ Kf6) 38. Nf1 $1 $11 Nd4 {And now ...Ne2+ would win.} 39. Kd2 (39. Rxh2 $17 Bc8 40. Bxc8 Rxc8 41. Rg2) 39... Nb3+ 40. Ke2 {Black must now prevent a7.} Nc5 41. Bd5 {[#]} c6 (41... Nxa6 $1 $19 {[%mdl 512] is more deadly. ...Nb4 is the strong threat.} 42. bxa6 c6 43. Rxh2 cxd5 44. exd5 Ra8) 42. bxc6 $17 Be6 $36 {[%mdl 2048] aiming for ...Ra8. Black is on the roll.} 43. Rxh2 Ra8 ({But not} 43... Nxa6 $6 44. Bh4+ Kf7 45. Rf2+ Kg8 46. Bxe6+ Rxe6 47. Bd8 $11) 44. Bh4+ (44. Rxh3 $17 {might work better.} gxh3 45. Ne3 (45. Bh4+ $2 Ke8 $19) 45... Nxa6 46. Bh4+ Kf7 47. Kf2) 44... Ke8 $19 45. Bg3 $2 (45. Bf2 Bc8 46. d4 exd4 47. Rxh3 gxh3 48. Bxd4 Rxa6 49. Bxc5 Ra2+ 50. Kf3 dxc5 51. Ng3) 45... Rxa6 46. Ke3 Ra1 47. Rxh3 (47. Ke2 $142) 47... gxh3 {Black is clearly winning.} 48. Nh2 Ra3 49. Bxe6 Nxe6 50. Ng4 Kd8 (50... Ra2 $142 51. c7 Kd7) 51. Nf2 Nc5 52. Kf3 (52. c7+ $142 Kxc7 53. Bh2) 52... Nxd3 53. Nxh3 Nc5+ {Weighted Error Value: White=0.59/Black=0.40} 0-1

[Event "Manx Liberty Masters 2021"]
[Site "Douglas, Isle of Man"]
[Date "2021.09.23"]
[Round "6.4"]
[White "Gavrilescu, David"]
[Black "Erdos, Viktor"]
[Result "1/2-1/2"]
[WhiteElo "2477"]
[BlackElo "2622"]
[Annotator "TA"]
[PlyCount "36"]
[EventDate "2021.09.18"]
[EventType "tourn"]
[EventCountry "GBR"]
[SourceTitle "playchess.com"]
[Source "ChessBase"]
[SourceQuality "1"]

{[%evp 9,36,-29,0,0,0,0,0,0,0,0,20,0,0,0,0,0,0,0,0,0,0,0,0,0,0,0,0,0,0]} 1. e4 e5 2. Nc3 Nf6 3. d4 exd4 4. Qxd4 Nc6 5. Qd3 d5 6. Bf4 {[%cal Re4d5] [#] The position is equal. C26: Vienna Game: 2...Nf6, sidelines .} d4 $146 ({Predecessor:} 6... dxe4 7. Qxd8+ Nxd8 8. Bxc7 Bb4 9. O-O-O Nc6 10. Bb5 Bxc3 11. Rd8+ Ke7 12. Rxh8 Be5 13. Bxc6 Bxc7 {1-0 (41) Dubov,D (2699)-So,W (2770) chess24.com INT 2020}) 7. Nb5 Bb4+ 8. c3 dxc3 9. Qxd8+ Kxd8 10. bxc3 Ba5 {[#] aiming for ...a6.} 11. O-O-O+ Bd7 12. f3 a6 13. Nd4 Nxd4 14. cxd4 Ba4 15. Rd3 Bb5 16. Rd1 Ba4 17. Rd3 Bb5 18. Rd1 Ba4 {A rather calm draw.  Weighted Error Value: White=0.02/Black=0.03} 1/2-1/2

[Event "Manx Liberty Masters 2021"]
[Site "Douglas, Isle of Man"]
[Date "2021.09.23"]
[Round "6.5"]
[White "Galyas, Miklos"]
[Black "Lupulescu, Constantin"]
[Result "1/2-1/2"]
[WhiteElo "2448"]
[BlackElo "2660"]
[Annotator "TA"]
[PlyCount "98"]
[EventDate "2021.09.18"]
[EventType "tourn"]
[EventCountry "GBR"]
[SourceTitle "playchess.com"]
[Source "ChessBase"]
[SourceQuality "1"]

{[%evp 9,98,28,45,45,54,51,68,26,31,27,63,54,54,57,83,73,89,35,31,41,38,35,66,48,52,38,91,91,98,64,75,21,11,16,30,11,34,0,0,4,2,0,0,0,0,0,0,0,0,0,0,-59,0,-11,-8,-38,-8,-6,0,0,0,0,0,0,0,0,0,0,0,0,0,0,0,0,0,0,0,0,0,0,0,0,0,0,0,0,0,0,0,0,0]} 1. c4 e6 2. e4 c5 3. Nc3 b6 4. g3 Bb7 5. Bg2 Nf6 6. Nge2 {A34: Symmetrical English: 2 Nc3, lines with ...d5.} a6 7. O-O Qc7 8. d3 {White is slightly better.} Be7 9. h3 h5 10. Be3 Nc6 11. f4 d6 12. a3 {[#]} Nd7 $146 {[#]} ({Predecessor:} 12... Rd8 13. Rb1 Nb8 14. f5 e5 15. b4 Nbd7 16. Bf3 cxb4 17. axb4 Rb8 18. Qd2 Qd8 {0-1 (38) Lezcano Jaen,P (2405)-Gonzalez Velez,F (2375) Barcelona 2000}) 13. b4 (13. f5 $1 $16) 13... cxb4 $14 14. axb4 Nxb4 15. Rb1 a5 16. Nb5 {[%mdl 1024] White has compensation.} Qd8 17. Nec3 $1 h4 {[#]} ({Black should try} 17... Rc8 $14) 18. g4 $1 $16 O-O 19. Qe2 e5 20. Nd5 (20. d4 $16) 20... Nxd5 $11 21. exd5 Ba6 22. fxe5 (22. Nc3 {keeps more tension.} exf4 23. Bxf4 a4 24. Rb4 Bf6 25. Nxa4 Re8 26. Qd2) 22... Bxb5 23. Rxb5 {Hoping for e6.} dxe5 24. d6 Bxd6 25. Bxa8 Qxa8 26. Qg2 (26. Bxb6 $2 Nxb6 27. Qg2 Bc7 $19) 26... Qc8 27. Rd5 ({Not} 27. Bxb6 $2 Nxb6 28. Rxa5 Bc5+ 29. Kh2 Nd7 $19) 27... Qc7 28. g5 g6 29. Qg4 a4 {[%cal Ba5a4,Ba4a3][%mdl 32]} 30. Bc1 (30. Qxh4 $11 a3 31. d4) 30... Nb8 ({Black should play} 30... Nc5 $15) 31. Bb2 a3 32. Ba1 Nc6 {...Nb4 is the strong threat.} 33. Rf6 $1 {The position is equal.} Rd8 34. Qe4 Qe7 35. Kh2 Nb4 36. Rfxd6 Rxd6 37. Rxe5 Re6 38. Rxe6 fxe6 39. Qxg6+ Kf8 40. Be5 Nc6 41. Qh6+ Ke8 42. g6 Qc5 43. d4 ({Don't play} 43. Qh8+ Kd7 $17) 43... Qxc4 {aiming for ...Qe2+.} 44. g7 $1 {[%cal Rg7g8]} ({Don't blunder} 44. Qh8+ $2 Kd7 $19) 44... Ne7 45. Qh8+ Kd7 {White must now prevent ...Qe2+.} 46. g8=Q Nxg8 47. Qxg8 Qe2+ 48. Kg1 Qe1+ 49. Kg2 {Strongly threatening Qf7+.} Qe2+ {Weighted Error Value: White=0.10/Black=0.09} 1/2-1/2

[Event "Manx Liberty Masters 2021"]
[Site "Douglas, Isle of Man"]
[Date "2021.09.24"]
[Round "7.1"]
[White "Gavrilescu, David"]
[Black "McShane, Luke J"]
[Result "1/2-1/2"]
[WhiteElo "2477"]
[BlackElo "2674"]
[Annotator "TA"]
[PlyCount "40"]
[EventDate "2021.09.18"]
[EventType "tourn"]
[EventCountry "GBR"]
[SourceTitle "playchess.com"]
[Source "ChessBase"]
[SourceQuality "1"]

{[%evp 17,40,-17,-5,-2,-8,-60,-3,-4,-14,-13,-13,-48,-39,-48,-36,-42,-50,-40,-58,-62,0,0,0,-83,0]} 1. e4 e5 2. Nf3 Nc6 3. d4 exd4 4. Nxd4 Nf6 5. Nxc6 bxc6 6. e5 Qe7 7. Qe2 Nd5 8. c4 Ba6 9. Nd2 {[#]} g6 $1 10. Ne4 {[#] C45: Scotch Game.} (10. Nf3 f6) 10... O-O-O $1 11. Qc2 Qxe5 (11... Nb4 $15 12. Qc3 Qh4) 12. cxd5 $11 {The position is equal.} Bxf1 13. Kxf1 {Threatens to win with Qa4.} Re8 $1 {[#]} 14. Qc4 $146 {Qa6+ is the strong threat.} ({Predecessor:} 14. dxc6 Qxe4 15. cxd7+ Kxd7 16. Qxe4 Rxe4 17. Be3 Bd6 18. Ke2 Rb8 19. b3 a5 20. Rhd1 {½-½ (41) Petr,M (2523)-Hracek,Z (2628) Legnica 2013}) 14... Qxe4 {[%csl Ge8][%cal Re4e1]} 15. Qa6+ {[%mdl 64] Double Attack} Kb8 {[%csl Ge8][%cal Re4e1]} 16. Be3 c5 17. Qb5+ Kc8 18. Qa6+ Kb8 (18... Kd8 $15) 19. Qb5+ $1 Kc8 ({Black should try} 19... Ka8 $11 20. Qxd7 {[%mdl 64] Double Attack} Qc4+ 21. Kg1 Bd6) 20. Qa6+ $17 Kb8 {Weighted Error Value: White=0.03/Black=0.13} ({Black should play} 20... Kd8 $17 21. Bg5+ Be7) 1/2-1/2

[Event "Manx Liberty Masters 2021"]
[Site "Douglas, Isle of Man"]
[Date "2021.09.24"]
[Round "7.2"]
[White "Galyas, Miklos"]
[Black "Kolbus, Dietmar"]
[Result "1/2-1/2"]
[WhiteElo "2448"]
[BlackElo "2295"]
[Annotator "NA"]
[PlyCount "71"]
[EventDate "2021.09.18"]
[EventType "tourn"]
[EventCountry "GBR"]
[SourceTitle "playchess.com"]
[Source "ChessBase"]
[SourceQuality "1"]
[TimeControl "40/5400+30:900+30"]

1. c4 {[%emt 0:00:00]} c6 {[%emt 0:00:00]} 2. e4 {[%emt 0:00:00]} d5 {[%emt 0:00:00]} 3. cxd5 {[%emt 0:00:00]} cxd5 {[%emt 0:00:00]} 4. exd5 {[%emt 0:00:00]} Nf6 {[%emt 0:00:00]} 5. Nc3 {[%emt 0:00:00]} Nxd5 {[%emt 0:00:00]} 6. Bc4 {[%emt 0:00:00]} e6 {[%emt 0:00:00]} 7. Nf3 {[%emt 0:00:00]} Nc6 {[%emt 0:00:00]} 8. O-O {[%emt 0:00:00]} Be7 {[%emt 0:00:00]} 9. d4 {[%emt 0:00:00]} O-O $11 {[%emt 0:00:00]} 10. Re1 {[%emt 0:00:00]} Nxc3 {[%emt 0:01:45]} 11. bxc3 {[%emt 0:00:00]} b6 {[%emt 0:00:07]} 12. Qe2 {[%emt 0:03:30]} Na5 {[%emt 0:06:54]} 13. Bd3 {[%emt 0:00:22]} Bb7 {[%emt 0:00:09]} 14. Bd2 {[%emt 0:11:16]} Rc8 {[%emt 0:01:15]} 15. Ne5 {[%emt 0:07:31]} Bf6 {[%emt 0:03:40]} 16. Qg4 {[%emt 0:04:51]} g6 {[%emt 0:18:58]} 17. Re3 {[%emt 0:07:18]} Bxe5 {[%emt 0:03:51]} 18. Rxe5 {[%emt 0:04:21]} f5 {[%emt 0:02:14]} 19. Qg3 {[%emt 0:05:19]} Bd5 {[%emt 0:01:30]} 20. h4 {[%emt 0:03:30]} Nc4 {[%emt 0:05:37]} 21. Bxc4 {[%emt 0:00:27]} Rxc4 {[%emt 0:08:38]} 22. Bf4 {[%emt 0:06:31]} Kf7 {[%emt 0:02:09]} 23. Rae1 {[%emt 0:10:51]} Rg8 {[%emt 0:03:22]} 24. Bg5 {[%emt 0:10:26]} Qd7 {[%emt 0:01:21]} 25. Bd2 {[%emt 0:04:46]} Qd8 {[%emt 0:00:36]} 26. Qf4 {[%emt 0:01:44]} h5 {[%emt 0:17:50]} 27. Qg3 {[%emt 0:06:29]} Re8 {[%emt 0:02:11]} 28. Bf4 {[%emt 0:00:57]} b5 {[%emt 0:10:01]} 29. Bg5 {[%emt 0:06:48]} Qd7 {[%emt 0:00:22]} 30. R5e3 {[%emt 0:00:59]} Qc7 {[%emt 0:00:51]} 31. Bf4 {[%emt 0:00:05]} Qd8 {[%emt 0:01:26]} 32. Be5 {[%emt 0:02:50]} Rg8 {[%emt 0:00:34]} 33. Bf4 {[%emt 0:02:08]} Re8 {[%emt 0:00:33]} 34. Bg5 {[%emt 0:01:30]} Qc7 {[%emt 0:00:16]} 35. Bf4 {[%emt 0:00:06]} Qd8 {[%emt 0:00:08]} 36. Bg5 {[%emt 0:00:32]} 1/2-1/2

[Event "Manx Liberty Masters 2021"]
[Site "Douglas, Isle of Man"]
[Date "2021.09.24"]
[Round "7.3"]
[White "Lupulescu, Constantin"]
[Black "Pert, Richard G"]
[Result "1-0"]
[WhiteElo "2660"]
[BlackElo "2416"]
[Annotator "TA"]
[PlyCount "89"]
[EventDate "2021.09.18"]
[EventType "tourn"]
[EventCountry "GBR"]
[SourceTitle "playchess.com"]
[Source "ChessBase"]
[SourceQuality "1"]

{[%evp 9,89,12,24,16,20,13,32,19,24,10,3,9,19,26,23,0,0,6,62,51,46,39,58,58,56,49,66,73,104,98,93,91,147,77,77,64,94,60,58,59,110,114,121,115,112,118,122,129,128,123,120,122,131,124,119,125,120,104,175,79,73,79,82,66,75,66,119,96,132,125,172,139,238,255,676,666,767,759,1778,1610,1447,1416]} 1. e4 c5 2. Nf3 d6 3. d4 cxd4 4. Qxd4 a6 5. Be2 Nc6 6. Qe3 {B53: Sicilian: 2...d6: Lines with Qxd4.} g6 7. O-O Bg7 8. Rd1 {White is slightly better.} Nf6 9. h3 O-O 10. c4 Nd7 11. Nc3 Nc5 12. Bd2 f5 13. exf5 gxf5 (13... Bxf5 $11 14. Be1 e5) 14. Qg5 $14 f4 15. Nd5 {[#]} ({Wrong is} 15. Bxf4 $2 Ne6 $19) 15... e5 $146 ({Predecessor:} 15... h6 16. Qh4 e5 17. Qxd8 Rxd8 18. Bc3 Bf5 19. Rac1 Na4 20. Nh4 Bh7 21. Bg4 Nxc3 22. bxc3 {½-½ (67) Nemeth,M (2489)-Nikolovski,N (2420) Antalya 2017}) 16. Qxd8 Rxd8 17. Bc3 Bf5 18. Nh4 Bc2 19. Rd2 Be4 20. Rad1 Na4 {[#]} (20... Rab8 $142) 21. Bf3 ({White should play} 21. Nc7 $1 {[%cal Rc7a8]}) 21... Bxf3 $16 22. Nxf3 Rd7 23. b3 Nxc3 24. Nxc3 Rad8 ({Better is} 24... Re8 $1 $14) 25. Ne4 Nd4 26. Nxd4 exd4 27. Ng5 Re8 28. Nf3 d5 29. c5 Rc7 30. b4 a5 31. a3 {[%cal Ba2a3,Ba3b4][%mdl 32]} ({Don't take} 31. Nxd4 axb4 32. Nb3 d4 $14) 31... axb4 32. axb4 b6 33. cxb6 Rc4 (33... Rb7 $16 34. Nxd4 Rxb6) 34. Rb1 (34. b5 $18 {has better winning chances.}) 34... Rb8 35. Ne1 Rxb6 36. Nd3 f3 37. g3 Bh6 (37... Bf8 $14) 38. Rdd1 Rc2 39. Ne1 Re2 40. Rxd4 Rf6 (40... Be3 $16 41. fxe3 (41. Rg4+ Kf7 $18) 41... f2+ 42. Kf1 fxe1=Q+ 43. Rxe1 Rh2) 41. Kf1 $18 Be3 $2 (41... Rd2 42. Rxd2 Bxd2) 42. fxe3 {White is clearly winning.} Rh2 {intending ...Rh1+.} 43. Rf4 Rxf4 44. exf4 f2 {[#]} 45. Rb3 $1 {Weighted Error Value: White=0.09/Black=0.30} 1-0

[Event "Manx Liberty Masters 2021"]
[Site "Douglas, Isle of Man"]
[Date "2021.09.24"]
[Round "7.4"]
[White "Erdos, Viktor"]
[Black "Csonka, Balazs"]
[Result "1/2-1/2"]
[WhiteElo "2622"]
[BlackElo "2496"]
[Annotator "TA"]
[PlyCount "60"]
[EventDate "2021.09.18"]
[EventType "tourn"]
[EventCountry "GBR"]
[SourceTitle "playchess.com"]
[Source "ChessBase"]
[SourceQuality "1"]

{[%evp 14,60,26,18,15,16,16,13,11,23,8,18,14,14,14,10,38,0,9,11,5,2,2,0,14,0,0,0,0,0,0,-20,-31,-24,-18,-39,-12,-14,-18,-39,0,0,0,-42,-33,-35,-35,-29,-27]} 1. Nf3 d5 2. g3 Nf6 3. Bg2 e6 4. O-O Be7 5. c4 O-O 6. d4 dxc4 7. Qa4 c6 8. Qxc4 b5 {E06: Closed Catalan: Early deviations.} 9. Qb3 Bb7 10. Rd1 Nbd7 {The position is equal.} 11. Ne5 Nxe5 12. dxe5 Nd7 $1 13. Nc3 {next Nxb5! is good for White.} Qc7 14. Ne4 {[#]} Rfd8 $146 ({Predecessor:} 14... Nc5 15. Nxc5 Bxc5 16. Be3 Qxe5 17. Bxc5 Qxc5 18. Rd7 Bc8 19. Rd2 Qb6 20. Rad1 Rb8 {½-½ (31) Friedel,J (2505)-Onischuk,A (2668) Saint Louis 2014}) 15. Be3 c5 (15... Qxe5 16. Bf4 $16) 16. Qxb5 Rab8 {[#] Hoping for ...Bxe4.} 17. Qa4 Bxe4 18. Bxe4 Rxb2 19. Rab1 Rxb1 20. Rxb1 {[#] Threatens to win with Rb7.} Nb6 21. Qa5 Qxe5 22. Bd3 Qc7 23. Rc1 g6 24. h4 h5 25. Bf4 Qd7 26. Qa6 Qa4 27. Qxa4 Nxa4 28. Be3 Nb2 29. Bb5 Rd1+ 30. Kg2 Rxc1 $1 {Weighted Error Value: White=0.07/Black=0.04} 1/2-1/2

[Event "Manx Liberty Masters 2021"]
[Site "Douglas, Isle of Man"]
[Date "2021.09.24"]
[Round "7.5"]
[White "Piorun, Kacper"]
[Black "Parligras, Mircea-Emilian"]
[Result "1/2-1/2"]
[WhiteElo "2638"]
[BlackElo "2583"]
[Annotator "TA"]
[PlyCount "60"]
[EventDate "2021.09.18"]
[EventType "tourn"]
[EventCountry "GBR"]
[SourceTitle "playchess.com"]
[Source "ChessBase"]
[SourceQuality "1"]

{[%evp 9,60,4,8,0,9,0,22,17,20,0,0,0,7,0,0,2,7,0,10,3,0,6,18,6,10,20,17,20,48,42,44,44,38,44,44,43,22,15,11,12,17,8,43,41,37,30,24,36,36,29,28,27,25]} 1. d4 Nf6 2. Bg5 e6 3. e4 h6 4. Bxf6 Qxf6 5. c3 d5 6. Bd3 {A45: Trompowsky Attack.} c5 7. Nf3 dxe4 8. Bxe4 {The position is equal.} cxd4 9. cxd4 Bd6 10. Nc3 Qe7 11. O-O O-O 12. Re1 Nd7 13. Bc2 Nf6 14. Qd3 {Threatening Nd5!} Rd8 15. Rad1 {[#]} b6 $146 ({Predecessor:} 15... Qc7 16. Nb5 Qb6 17. Nxd6 Qxd6 18. Ne5 Bd7 19. g4 Rac8 20. h4 Bb5 {½-½ (20) Serner,A (2407)-Lukas,N (2336) GER email 2017}) 16. d5 Bb4 17. a3 Bxc3 18. d6 Qb7 19. bxc3 Qd5 20. Qe3 Qc5 21. Qxc5 bxc5 22. Ne5 Bd7 23. f4 Rab8 24. f5 exf5 25. Nxd7 Rxd7 26. Bxf5 Rdd8 27. Re5 g6 28. Bh3 Rb6 29. d7 Rc6 30. Kf2 Kf8 {Weighted Error Value: White=0.03/Black=0.05} 1/2-1/2

[Event "Manx Liberty Masters 2021"]
[Site "Douglas, Isle of Man"]
[Date "2021.09.20"]
[Round "8.1"]
[White "Gavrilescu, David"]
[Black "Pert, Richard G"]
[Result "1-0"]
[WhiteElo "2477"]
[BlackElo "2416"]
[Annotator "ChessBase"]
[PlyCount "95"]
[EventDate "2021.09.18"]
[EventType "tourn"]
[EventCountry "GBR"]
[SourceTitle "playchess.com"]
[Source "ChessBase"]
[SourceQuality "1"]
[TimeControl "40/5400+30:900+30"]

1. e4 {[%emt 0:00:00]} c6 {[%emt 0:00:00]} 2. Nf3 {[%emt 0:00:00]} d5 {[%emt 0:00:00]} 3. exd5 {[%emt 0:00:00]} cxd5 {[%emt 0:00:00]} 4. d4 {[%emt 0:00:00]} Nf6 {[%emt 0:00:00]} 5. Ne5 {[%emt 0:00:00]} g6 {[%emt 0:00:00]} 6. Bb5+ {[%emt 0:00:00]} Nbd7 {[%emt 0:00:00]} 7. O-O {[%emt 0:00:00]} Bg7 {[%emt 0:00:00]} 8. Re1 {[%emt 0:00:00]} O-O {[%emt 0:00:00]} 9. Nf3 {[%emt 0:00:00]} Ne4 {[%emt 0:00:00]} 10. Bd3 {[%emt 0:00:00]} e5 {[%emt 0:00:00]} 11. c3 {[%emt 0:11:04]} Nxf2 {[%emt 0:00:52]} 12. Kxf2 {[%emt 0:00:49]} e4 {[%emt 0:00:17]} 13. Be2 {[%emt 0:14:12]} exf3 {[%emt 0:03:49]} 14. Bxf3 {[%emt 0:00:06]} Nf6 {[%emt 0:10:01]} 15. Bf4 {[%emt 0:14:15]} Ne4+ {[%emt 0:07:34]} 16. Bxe4 {[%emt 0:05:07]} dxe4 {[%emt 0:00:48]} 17. Rxe4 {[%emt 0:02:04]} b5 {[%emt 0:17:42]} 18. Kg1 {[%emt 0:04:33]} Bb7 {[%emt 0:01:18]} 19. Re3 {[%emt 0:03:34]} g5 {[%emt 0:11:28]} 20. Be5 {[%emt 0:14:13]} Re8 {[%emt 0:20:08]} 21. Qe2 {[%emt 0:09:31]} Qd5 {[%emt 0:01:46]} 22. Na3 {[%emt 0:01:43]} f6 {[%emt 0:02:01]} 23. Nxb5 {[%emt 0:03:01]} fxe5 {[%emt 0:02:12]} 24. Nc7 {[%emt 0:00:12]} Qc6 {[%emt 0:01:04]} 25. Nxa8 {[%emt 0:00:54]} Bxa8 {[%emt 0:01:31]} 26. Rf1 {[%emt 0:02:00]} h6 {[%emt 0:02:51]} 27. dxe5 {[%emt 0:01:46]} Rxe5 {[%emt 0:01:47]} 28. Rxe5 {[%emt 0:02:18]} Bxe5 {[%emt 0:00:06]} 29. Kh1 {[%emt 0:03:26]} Bb7 {[%emt 0:03:32]} 30. Rf3 {[%emt 0:01:28]} Bf6 {[%emt 0:08:27]} 31. h3 {[%emt 0:02:57]} Kg7 {[%emt 0:00:51]} 32. b3 {[%emt 0:00:28]} h5 {[%emt 0:02:44]} 33. Rd3 {[%emt 0:01:50]} a5 {[%emt 0:01:06]} 34. c4 {[%emt 0:01:44]} a4 {[%emt 0:01:58]} 35. b4 {[%emt 0:01:15]} Kh6 {[%emt 0:01:06]} 36. c5 {[%emt 0:01:03]} Ba6 {[%emt 0:00:16]} 37. Qf3 {[%emt 0:00:05]} Qxf3 {[%emt 0:01:01]} 38. Rxf3 {[%emt 0:00:01]} Kg6 {[%emt 0:00:10]} 39. c6 {[%emt 0:00:23]} Be5 {[%emt 0:00:14]} 40. c7 {[%emt 0:01:13]} g4 {[%emt 0:01:14]} 41. hxg4 {[%emt 0:15:24]} hxg4 {[%emt 0:00:00]} 42. Ra3 {[%emt 0:00:00]} Bc8 {[%emt 0:00:00]} 43. b5 {[%emt 0:00:00]} Kf6 {[%emt 0:00:00]} 44. Rxa4 {[%emt 0:00:00]} Ke7 {[%emt 0:00:00]} 45. Ra8 {[%emt 0:00:00]} Kd7 {[%emt 0:00:00]} 46. b6 {[%emt 0:00:00]} g3 {[%emt 0:00:00]} 47. Rb8 {[%emt 0:00:00]} Ba6 {[%emt 0:00:00]} 48. Rd8+ {[%emt 0:00:00]} 1-0